000 00522nam a22002177a 4500
003 UA-OsUOA
001 108620
007 ta
008 20141103b un ||||| |||| 00| 0 ukr d
100 _aМацегора К.
090 _a32
_bМ36
942 _cSA
040 _aUA-OsUOA
_bukr
_cUA-OsUOA
_dUA-OsUOA
245 _aУряд сформують за зразком Єврокомісії
300 _aС.1
955 _a0
041 _aukr
080 _a32
773 0 _w108619
650 7 _a32 Політика
_2UDC
999 _c394624
_d394624